Normal view
MARC view
Entry Personal Name
001 - CONTROL NUMBER
- control field: 29163
003 - CONTROL NUMBER IDENTIFIER
- control field: ARRUPE
005 - DATE AND TIME OF LATEST TRANSACTION
- control field: 20170301090058.0
008 - FIXED-LENGTH DATA ELEMENTS
- fixed length control field: 170301|| aca||aabn | a|a d
040 ## - CATALOGING SOURCE
- Original cataloging agency: ARRUPE
- Transcribing agency: ARRUPE
100 ## - HEADING--PERSONAL NAME
- Personal name: Freeman, Anthony. God in us
670 ## - SOURCE DATA FOUND
- Source citation: Work cat.: (ARRUPE)67432: Harries, Richard 29162, The real God